=LDR 00000nam 2200000 4500 =001 INLIS000000000019827 =005 20130612114839 =008 ***********************************Ind** =035 ##$$0010-061300000019827 =041 ##$$a Ind =082 ##$$a 540 =090 ##$$a 540, Sus s =100 ##$$a Susanti, Elfi VH =245 ##$$a Sains kimia, Elfi Susanti VH ; editing. M. Mahsan Burhani =260 ##$$a 2005 $b Solo =300 ##$$a ...jil, ilus, 25 cm =650 ##$$a Kimia =700 ##$$a Burhani, M. Mahsan =850 ##$$a NBPNMAT =990 ##$$a 74447444 =990 ##$$a 01201807444